[Event "European Youth Chess Championship B8"]
[Site "Prague, Top Hotel Prague"]
[Date "2016.08.18"]
[Round "1.1"]
[White "Ivanov, Svetlen"]
[Black "Zieba, Hubert"]
[Result "1-0"]
[WhiteElo "1646"]
[BlackElo "1142"]
[PlyCount "117"]
[EventDate "2016.??.??"]
[WhiteClock "0:25:44"]
[BlackClock "1:26:30"]

1. d4 Nf6 2. c4 c5 3. d5 b5 4. e3 bxc4 5. Bxc4 d6 6. Nc3 g6 7. Nf3 Bg7 8. Bb5+
Bd7 9. Bxd7+ Nbxd7 10. e4 O-O 11. O-O Rb8 12. Qc2 Qc7 13. Be3 Nb6 14. Rad1 Nc4
15. Bc1 Nd7 16. b3 Ncb6 17. Bb2 Rfc8 18. Nb5 Qb7 19. Bxg7 Kxg7 20. Na3 a6 21.
Nc4 Nxc4 22. Qxc4 Qb5 23. Nd2 Qxc4 24. Nxc4 Nf6 25. f3 Nd7 26. f4 Nb6 27. Rc1
Nxc4 28. Rxc4 Rb4 29. Rfc1 Rcb8 30. Kf2 Rxc4 31. Rxc4 Rb4 32. Rxb4 cxb4 33. Ke3
f5 34. exf5 gxf5 35. Kd4 a5 36. Kc4 Kf6 37. Kb5 e5 38. fxe5+ dxe5 39. Kc6 e4
40. d6 e3 41. d7 Ke7 42. Kc7 f4 43. d8=Q+ Ke6 44. Qd3 Ke5 45. g3 h5 46. gxf4+
Kxf4 47. Qe2 Ke4 48. Kb6 h4 49. Kxa5 h3 50. Kxb4 Kd4 51. a4 Ke4 52. a5 Kd4 53.
a6 Ke5 54. a7 Ke4 55. a8=Q+ Kf4 56. Qaf3+ Ke5 57. Qexe3+ Kd6 58. Qf6+ Kd5 59.
Qee5# 1-0

[Event "European Youth Chess Championship B8"]
[Site "Prague, Top Hotel Prague"]
[Date "2016.08.18"]
[Round "1.2"]
[White "Lukshin, Aleksei"]
[Black "Kolesov, Gordey"]
[Result "0-1"]
[WhiteElo "1134"]
[BlackElo "1627"]
[PlyCount "90"]
[EventDate "2016.??.??"]
[WhiteClock "1:29:24"]
[BlackClock "1:03:07"]

1. e4 e5 2. Nf3 Nc6 3. Nc3 Nf6 4. Bb5 Bb4 5. O-O O-O 6. d3 d6 7. Bg5 Bxc3 8.
bxc3 Qe7 9. Re1 Nd8 10. d4 Ne6 11. Bc1 c6 12. Ba4 Qc7 13. Nh4 a5 14. a3 Re8 15.
d5 Nc5 16. Bb3 Ncxe4 17. Qd3 Nc5 18. Qg3 Nxb3 19. Bh6 g6 20. cxb3 Bd7 21. Qg5
Qd8 22. f4 Nxd5 23. Qg3 exf4 24. Qd3 Rxe1+ 25. Rxe1 Qxh4 26. Rf1 Qxh6 27. c4
Bf5 28. Qd4 Ne3 29. Rxf4 Ng4 30. h3 Ne5 31. Rh4 Qg5 32. Rf4 c5 33. Qd2 Nf3+ 34.
Rxf3 Qxd2 35. Kh2 Be4 36. Rg3 Re8 37. Rg4 Bxg2 38. Rxg2 Qf4+ 39. Kh1 Re1+ 40.
Rg1 Qf3+ 41. Kh2 Qf2+ 42. Rg2 Qf4+ 43. Rg3 Re2+ 44. Kh1 Qxg3 45. h4 Qh2# 0-1

[Event "European Youth Chess Championship B8"]
[Site "Prague, Top Hotel Prague"]
[Date "2016.08.18"]
[Round "1.3"]
[White "Costa, Leonardo"]
[Black "Males, Nicholas"]
[Result "1-0"]
[WhiteElo "1600"]
[BlackElo "1134"]
[PlyCount "85"]
[EventDate "2016.??.??"]
[WhiteClock "1:12:32"]
[BlackClock "1:05:36"]

1. e4 c6 2. d4 d5 3. exd5 cxd5 4. Nc3 Nf6 5. Bb5+ Nc6 6. Bg5 Bg4 7. Nf3 h6 8.
Bxf6 exf6 9. h3 Bh5 10. O-O Be7 11. Qd3 Bg6 12. Qd2 O-O 13. Rfe1 Bb4 14. a3 Ba5
15. b4 Bb6 16. Re3 a6 17. Bxc6 bxc6 18. Rae1 a5 19. b5 Qd6 20. Na4 Bc7 21. b6
Bd8 22. b7 Rb8 23. Nc5 Bb6 24. Rb1 Bxc5 25. dxc5 Qxc5 26. Nd4 Qd6 27. Qxa5 c5
28. Rb6 Qc7 29. Nb5 Qd8 30. Qa6 Qd7 31. Na7 Rfe8 32. Rxe8+ Qxe8 33. Nc6 Qe1+
34. Qf1 Qc3 35. Nxb8 Qa5 36. Nd7 Qxa3 37. b8=Q+ Kh7 38. Nf8+ Kh8 39. Nxg6+ Kh7
40. Qh8+ Kxg6 41. Qd3+ Kg5 42. Qxg7+ Kf4 43. Qxf6# 1-0

[Event "European Youth Chess Championship B8"]
[Site "Prague, Top Hotel Prague"]
[Date "2016.08.18"]
[Round "1.4"]
[White "Cvetkovski, Gjorgji"]
[Black "Pingin, Artem"]
[Result "0-1"]
[WhiteElo "1128"]
[BlackElo "1560"]
[PlyCount "66"]
[EventDate "2016.??.??"]
[WhiteClock "0:36:54"]
[BlackClock "1:19:36"]

1. e4 c5 2. Nf3 Nc6 3. Bb5 g6 4. O-O Bg7 5. Nc3 a6 6. Bc4 e6 7. a3 Nge7 8. d3
O-O 9. Be3 d5 10. Bxc5 dxc4 11. dxc4 Bxc3 12. bxc3 Qc7 13. Bxe7 Nxe7 14. Qd3
Rd8 15. Qe2 e5 16. Rfd1 Be6 17. Nd2 Rac8 18. Rab1 Nc6 19. Rb2 Na5 20. Rdb1 Bxc4
21. Nxc4 Qxc4 22. Qxc4 Rxc4 23. f3 Rxc3 24. Ra1 Rd2 25. Raa2 b5 26. a4 Nc4 27.
Rb4 Ne3 28. axb5 Rxg2+ 29. Kh1 Rf2 30. Ra1 Rcxc2 31. Kg1 Rg2+ 32. Kh1 Rxh2+ 33.
Kg1 Rcg2# 0-1

[Event "European Youth Chess Championship B8"]
[Site "Prague, Top Hotel Prague"]
[Date "2016.08.18"]
[Round "1.5"]
[White "Habans, Aguerrea Javier"]
[Black "Lukshin, Dmitri"]
[Result "1-0"]
[WhiteElo "1544"]
[BlackElo "1119"]
[PlyCount "59"]
[EventDate "2016.??.??"]
[WhiteClock "1:15:34"]
[BlackClock "1:28:17"]

1. d4 d5 2. Nf3 Nf6 3. e3 Bf5 4. c4 e6 5. Nc3 Bb4 6. Qa4+ Nc6 7. Ne5 Bxc3+ 8.
bxc3 Ne4 9. Bb2 Qd6 10. c5 Qe7 11. Nxc6 Qd7 12. Bb5 a6 13. O-O O-O 14. Ne5 Qxb5
15. Qxb5 axb5 16. Rfd1 Ra4 17. f3 Nf6 18. g4 Bg6 19. h4 h6 20. g5 hxg5 21. hxg5
Nh5 22. Kf2 Bh7 23. Rh1 g6 24. Nd7 Rfa8 25. a3 Rd8 26. Nf6+ Nxf6 27. gxf6 Ra6
28. Rh2 g5 29. Rah1 Bf5 30. Rh8# 1-0

[Event "European Youth Chess Championship B8"]
[Site "Prague, Top Hotel Prague"]
[Date "2016.08.18"]
[Round "1.6"]
[White "Viliusis, Neimantas"]
[Black "Todev, Simeon"]
[Result "0-1"]
[WhiteElo "1100"]
[BlackElo "1498"]
[PlyCount "60"]
[EventDate "2016.??.??"]
[WhiteClock "0:00:42"]
[BlackClock "1:20:35"]

1. d4 Nf6 2. c4 c5 3. Nf3 d6 4. Nc3 g6 5. dxc5 dxc5 6. Qxd8+ Kxd8 7. Bg5 Bg7 8.
Ne5 Be6 9. Rd1+ Kc8 10. Nd3 Na6 11. e3 Bxc4 12. g3 Nd5 13. Bh3+ e6 14. Nxd5
Bxd5 15. O-O Bf3 16. Rc1 b6 17. Rfe1 h6 18. Bf4 Kb7 19. b4 cxb4 20. e4 g5 21.
Bd2 Rhd8 22. Re3 g4 23. Rc2 Bd1 24. Rc1 Bf3 25. Rc2 Bd4 26. Re1 gxh3 27. Rec1
Bxe4 28. Bf4 Bxd3 29. Rd2 Bc3 30. Rdd1 Nc5 0-1

[Event "European Youth Chess Championship B8"]
[Site "Prague, Top Hotel Prague"]
[Date "2016.08.18"]
[Round "1.7"]
[White "Mogirzan, Matei-Valeriu"]
[Black "Kecskemeti, Arnold"]
[Result "1-0"]
[WhiteElo "1475"]
[BlackElo "1067"]
[PlyCount "55"]
[EventDate "2016.08.18"]

1. e4 e6 2. d4 d5 3. Nc3 dxe4 4. Nxe4 Bd7 5. Nf3 Bc6 6. Bd3 Nf6 7. Bg5 Be7 8.
Bxf6 Bxf6 9. c3 Bxe4 10. Bxe4 c6 11. Qc2 h6 12. O-O-O Qb6 13. Rhe1 g5 14. d5
cxd5 15. Bxd5 g4 16. Qa4+ Kf8 17. Qxg4 exd5 18. Rxd5 Nc6 19. Qf4 Bg5 20. Nxg5
hxg5 21. Qd6+ Kg7 22. Rxg5+ Kh7 23. Qd3+ Kh6 24. Qg3 Qxf2 25. Re6+ fxe6 26.
Rg6+ Kh7 27. Rg7+ Kh6 28. Qg6# 1-0

[Event "European Youth Chess Championship B8"]
[Site "Prague, Top Hotel Prague"]
[Date "2016.08.18"]
[Round "1.8"]
[White "Clotet, Mas Dan"]
[Black "Pashikyan, Rudolf"]
[Result "0-1"]
[WhiteElo "1037"]
[BlackElo "1465"]
[PlyCount "40"]
[EventDate "2016.08.18"]

1. d4 d5 2. e4 dxe4 3. Nc3 Nf6 4. f3 Bf5 5. Be3 e6 6. h4 Bb4 7. g4 Nd5 8. Bd2
e3 9. gxf5 exd2+ 10. Qxd2 exf5 11. Bc4 Nxc3 12. bxc3 Be7 13. Qe3 O-O 14. h5 Re8
15. Kd2 Bg5 16. Qxg5 Qxg5+ 17. Kd1 Qg2 18. Rh3 Qxg1+ 19. Kd2 Qe3+ 20. Kd1 Qe1#
0-1

[Event "European Youth Chess Championship B8"]
[Site "Prague, Top Hotel Prague"]
[Date "2016.08.18"]
[Round "1.9"]
[White "Orujov, Farid"]
[Black "Solovyev, Nikolay"]
[Result "1-0"]
[WhiteElo "1462"]
[BlackElo "1032"]
[PlyCount "43"]
[EventDate "2016.08.18"]

1. e4 e5 2. Nf3 Nf6 3. Nc3 Nc6 4. d4 exd4 5. Nxd4 Bb4 6. Nxc6 bxc6 7. Bd3 O-O
8. O-O d5 9. e5 Ng4 10. Bf4 f6 11. exf6 Qxf6 12. Bg3 Bxc3 13. bxc3 Qxc3 14. h3
Ne5 15. Bxh7+ Kh8 16. Qh5 Qd2 17. Bxe5 Bf5 18. Bxf5+ Kg8 19. Bh7+ Kh8 20. Bg6+
Qh6 21. Qxh6+ Kg8 22. Qh7# 1-0

[Event "European Youth Chess Championship B8"]
[Site "Prague, Top Hotel Prague"]
[Date "2016.08.18"]
[Round "1.10"]
[White "Thorisson, Bjartur"]
[Black "Cohen, Elad"]
[Result "0-1"]
[WhiteElo "1014"]
[BlackElo "1456"]
[PlyCount "64"]
[EventDate "2016.08.18"]

1. d4 Nf6 2. Nf3 e6 3. Nc3 Bb4 4. Bd2 d6 5. g3 Nc6 6. Bg2 O-O 7. O-O Re8 8. Re1
e5 9. e3 Bg4 10. Qe2 Bxc3 11. Bxc3 e4 12. Nd2 Bxe2 13. Rxe2 d5 14. Rd1 b5 15.
a3 a5 16. b4 axb4 17. axb4 Qe7 18. Nb3 Nd7 19. Rf1 Nxb4 20. Nc5 Na6 21. Bb4
Nxb4 22. Nb3 Ra2 23. Bh3 Na6 24. f3 c5 25. dxc5 Ndxc5 26. Nd2 Rxc2 27. Nb1 Rxe2
28. Nc3 exf3 29. Rxf3 Rxe3 30. Rxe3 Qxe3+ 31. Kh1 Qf3+ 32. Bg2 Re1# 0-1

[Event "European Youth Chess Championship B8"]
[Site "Prague, Top Hotel Prague"]
[Date "2016.08.19"]
[Round "2.1"]
[White "Prokudin, Igor"]
[Black "Ivanov, Svetlen"]
[Result "0-1"]
[WhiteElo "1322"]
[BlackElo "1646"]
[PlyCount "110"]
[EventDate "2016.08.18"]

1. d4 Nf6 2. Nf3 g6 3. g3 Bg7 4. Bg2 d5 5. c4 O-O 6. O-O c5 7. Nc3 Nc6 8. cxd5
Nxd5 9. Nxd5 Qxd5 10. dxc5 Qxc5 11. e4 Rd8 12. Qb3 Be6 13. Qxb7 Na5 14. b4 Nxb7
15. bxc5 Bxa1 16. e5 Bd5 17. Be3 Bb2 18. Rb1 Ba3 19. Nd4 Bxg2 20. Kxg2 Bxc5 21.
Nc6 Rd7 22. Rxb7 Rxb7 23. Bxc5 e6 24. Bd6 Rb6 25. Ne7+ Kg7 26. a3 Rxd6 27. exd6
Rd8 28. Nc6 Rxd6 29. Nxa7 Ra6 30. Nb5 Ra5 31. a4 Rxa4 32. Nc3 Rc4 33. Ne2 e5
34. Kf3 f5 35. Ke3 Kf6 36. Kd3 Rc5 37. Ke3 g5 38. f4 gxf4+ 39. gxf4 e4 40. Nd4
Rc3+ 41. Kf2 Rd3 42. Ne2 Rd2 43. Ke3 Rxe2+ 44. Kxe2 Ke6 45. Kd2 Kd5 46. Kc3 Kc5
47. h3 h6 48. h4 h5 49. Kd2 Kd4 50. Ke2 e3 51. Ke1 Ke4 52. Ke2 Kxf4 53. Ke1 Kf3
54. Kf1 e2+ 55. Ke1 f4 0-1

[Event "European Youth Chess Championship B8"]
[Site "Prague, Top Hotel Prague"]
[Date "2016.08.19"]
[Round "2.2"]
[White "Kolesov, Gordey"]
[Black "Azimov, Timur"]
[Result "1-0"]
[WhiteElo "1627"]
[BlackElo "1324"]
[PlyCount "123"]
[EventDate "2016.08.18"]

1. e4 c5 2. Nf3 d6 3. d4 cxd4 4. Qxd4 Nc6 5. Bb5 Bd7 6. Bxc6 bxc6 7. c4 Nf6 8.
Nc3 e5 9. Qd3 h6 10. O-O Be7 11. h3 O-O 12. Be3 Nh7 13. c5 Qc7 14. cxd6 Bxd6
15. Rfd1 Bb4 16. Qxd7 Qxd7 17. Rxd7 Bxc3 18. bxc3 Nf6 19. Rxa7 Rxa7 20. Bxa7
Ra8 21. Be3 Nxe4 22. c4 f6 23. a4 Nd6 24. Nd2 Nb7 25. Nb3 Nd6 26. a5 Nxc4 27.
a6 Nd6 28. Bc5 Nb5 29. Nd2 Nc7 30. a7 Ne6 31. Be3 Nc7 32. Bc5 Ne6 33. Nc4 Nxc5
34. Nb6 Rxa7 35. Rxa7 Ne6 36. Ra8+ Kf7 37. Rc8 Nd4 38. Kf1 Kg6 39. Ke1 Kf5 40.
Kd2 g6 41. Nc4 g5 42. Na5 g4 43. h4 Ke4 44. Nxc6 Nxc6 45. Rxc6 Kf5 46. Rc8 Kg6
47. Rg8+ Kh5 48. g3 f5 49. Re8 e4 50. Ke3 Kg6 51. Kf4 Kf7 52. Re5 Kg6 53. Rxf5
e3 54. fxe3 Kg7 55. e4 Kg6 56. e5 Kg7 57. e6 Kg8 58. e7 Kg7 59. e8=Q Kh7 60.
Qf7+ Kh8 61. Qg6 h5 62. Rf8# 1-0

[Event "European Youth Chess Championship B8"]
[Site "Prague, Top Hotel Prague"]
[Date "2016.08.19"]
[Round "2.3"]
[White "Fizer, Marek"]
[Black "Costa, Leonardo"]
[Result "1-0"]
[WhiteElo "1297"]
[BlackElo "1600"]
[PlyCount "95"]
[EventDate "2016.08.18"]

1. e4 e5 2. Nf3 Nc6 3. Bb5 a6 4. Ba4 Nf6 5. O-O d6 6. Re1 Be7 7. c3 O-O 8. d4
b5 9. Bb3 Bg4 10. Be3 Qd7 11. Bc2 Rfe8 12. Nbd2 d5 13. Qb1 exd4 14. cxd4 dxe4
15. Nxe4 Bxf3 16. gxf3 h6 17. a4 Nxd4 18. Qd1 Rad8 19. Bb1 Nc6 20. Qc2 Nxe4 21.
Qxe4 g6 22. Ba2 Kg7 23. Rac1 Bb4 24. Qc2 Bxe1 25. Rxe1 Nd4 26. Qc3 b4 27. Bxd4+
Qxd4 28. Qxd4+ Rxd4 29. Rxe8 Kf6 30. Kf1 Rd2 31. Bc4 a5 32. b3 h5 33. Ke1 Rc2
34. Ra8 Rc1+ 35. Kd2 Rh1 36. Rxa5 Rxh2 37. Ra6+ Kg7 38. Ke3 g5 39. a5 h4 40.
Ra8 Rg2 41. a6 h3 42. a7 h2 43. Rg8+ Kf6 44. Rh8 Rg1 45. a8=Q h1=Q 46. Rxh1
Rxh1 47. Qc6+ Ke5 48. Qxc7+ 1-0

[Event "European Youth Chess Championship B8"]
[Site "Prague, Top Hotel Prague"]
[Date "2016.08.19"]
[Round "2.4"]
[White "Pingin, Artem"]
[Black "Vagman, Roy"]
[Result "1-0"]
[WhiteElo "1560"]
[BlackElo "1288"]
[PlyCount "93"]
[EventDate "2016.08.18"]

1. d4 d5 2. c4 e5 3. dxe5 d4 4. Nf3 Nc6 5. a3 Nge7 6. b4 Be6 7. e3 dxe3 8.
Qxd8+ Rxd8 9. Bxe3 Ng6 10. Ng5 Ncxe5 11. Nxe6 fxe6 12. Nc3 a6 13. Rd1 Rxd1+ 14.
Nxd1 a5 15. c5 axb4 16. axb4 Be7 17. Be2 O-O 18. O-O Nf4 19. Nc3 Nxe2+ 20. Nxe2
Ng4 21. Bd4 Bf6 22. h3 Ne5 23. b5 Nc4 24. Bxf6 Rxf6 25. Rd1 Rf7 26. Nc3 h6 27.
Rd4 Na5 28. Ra4 b6 29. c6 Rf5 30. Rd4 Rc5 31. Rd8+ Kf7 32. Rd3 Nc4 33. Rd7+ Kf6
34. Ne4+ Ke5 35. Nxc5 bxc5 36. Rxc7 g6 37. Rd7 Nb6 38. c7 c4 39. Rd8 c3 40.
c8=Q Nxc8 41. Rxc8 Kd4 42. b6 Kd3 43. b7 Kd2 44. b8=Q c2 45. Qf4+ Kd1 46. Rd8+
Ke2 47. Qd2# 1-0

[Event "European Youth Chess Championship B8"]
[Site "Prague, Top Hotel Prague"]
[Date "2016.08.19"]
[Round "2.5"]
[White "Hladky, Tadeas"]
[Black "Habans, Aguerrea Javier"]
[Result "0-1"]
[WhiteElo "1278"]
[BlackElo "1544"]
[PlyCount "56"]
[EventDate "2016.08.18"]

1. e4 c5 2. Nf3 a6 3. d3 Nc6 4. Be3 d6 5. Be2 g6 6. O-O Bg7 7. Nc3 Nf6 8. Nd2
O-O 9. Nb3 b5 10. Bf3 Ne5 11. Be2 Bb7 12. f4 Nc6 13. f5 b4 14. Nb1 a5 15. a4
Nd7 16. Qc1 Nce5 17. Bh6 Qb6 18. Kh1 c4 19. Bxg7 Kxg7 20. N3d2 cxd3 21. Bxd3
Nc5 22. fxg6 hxg6 23. Nc4 Nxc4 24. Bxc4 Nxe4 25. Nd2 Nf2+ 26. Rxf2 Qxf2 27. Bf1
Rh8 28. Nc4 Rxh2+ 0-1

[Event "European Youth Chess Championship B8"]
[Site "Prague, Top Hotel Prague"]
[Date "2016.08.19"]
[Round "2.6"]
[White "Todev, Simeon"]
[Black "Razhbadinov, Rasul"]
[Result "0-1"]
[WhiteElo "1498"]
[BlackElo "1263"]
[PlyCount "96"]
[EventDate "2016.08.18"]

1. e4 e5 2. Nf3 Nc6 3. d4 exd4 4. Bc4 Nf6 5. O-O Nxe4 6. Re1 d5 7. Bxd5 Qxd5 8.
Nc3 Qa5 9. Nxe4 Be6 10. Neg5 O-O-O 11. Nxe6 fxe6 12. Rxe6 Bd6 13. Bg5 Rde8 14.
Qe2 Kd7 15. Re1 Qxe1+ 16. Nxe1 Rxe6 17. Qg4 h5 18. Qh3 Ne5 19. g3 Bb4 20. f4
Ng4 21. Nf3 Bc5 22. b4 Bb6 23. f5 Re2 24. Kf1 Rxc2 25. f6 Rf2+ 26. Ke1 Re8+ 27.
Kd1 Rxf3 28. fxg7 Rd3+ 29. Bd2 Rg8 30. Qxh5 Rxg7 31. Qd5+ Ke7 32. Qe4+ Kf8 33.
Qf5+ Ke7 34. Qe4+ Kd6 35. Qf4+ Kd5 36. Qf5+ Ne5 37. Kc2 Rg6 38. Bf4 Rc6+ 39.
Kb2 Re3 40. Bxe5 Rxe5 41. Qd7+ Kc4 42. Qf7+ Kxb4 43. Qb3+ Kc5 44. Qa3+ Kd5 45.
Qf3+ Kc5 46. Qa3+ Kb5 47. Qb3+ Ka6 48. h4 Rb5 0-1

[Event "European Youth Chess Championship B8"]
[Site "Prague, Top Hotel Prague"]
[Date "2016.08.19"]
[Round "2.7"]
[White "Giang, Tran Nam"]
[Black "Mogirzan, Matei-Valeriu"]
[Result "0-1"]
[WhiteElo "1256"]
[BlackElo "1475"]
[PlyCount "110"]
[EventDate "2016.08.18"]

1. e4 c5 2. Nf3 e6 3. d4 cxd4 4. Nxd4 a6 5. Bd3 Qc7 6. O-O Nf6 7. Qe2 d6 8. Bg5
Nbd7 9. Nc3 Be7 10. Kh1 O-O 11. f4 b5 12. a3 Bb7 13. Rae1 h6 14. Bh4 Qc5 15.
Nb3 Qc6 16. Na5 Qb6 17. Nxb7 Qxb7 18. e5 dxe5 19. fxe5 Nd5 20. Bxe7 Nxe7 21.
Be4 Nc6 22. Bxc6 Qxc6 23. Rd1 Nb6 24. Rd6 Qc7 25. Rfd1 Nc4 26. R6d4 Qxe5 27.
Qxe5 Nxe5 28. b3 Rac8 29. Re4 Rxc3 30. Rxe5 Rxc2 31. Re3 Rfc8 32. h3 Ra2 33. b4
Rcc2 34. Rg1 Rc8 35. Rd1 Ra8 36. Kh2 a5 37. Rd4 axb4 38. Rxb4 R8xa3 39. Rxa3
Rxa3 40. Rxb5 Kh7 41. h4 Kg6 42. h5+ Kf6 43. Rb4 Ra5 44. g4 Ra7 45. Kg3 Kg5 46.
Rb5+ f5 47. Rb3 f4+ 48. Kf3 e5 49. Rb5 Ra3+ 50. Ke4 Re3+ 51. Kd5 Kxg4 52. Ke6
Kxh5 53. Ke7 Kg4 54. Kf7 Kg3 55. Kf8 f3 0-1

[Event "European Youth Chess Championship B8"]
[Site "Prague, Top Hotel Prague"]
[Date "2016.08.19"]
[Round "2.8"]
[White "Pashikyan, Rudolf"]
[Black "Vingris., Mikelis"]
[Result "1-0"]
[WhiteElo "1465"]
[BlackElo "1263"]
[PlyCount "51"]
[EventDate "2016.08.18"]

1. e4 c5 2. Nf3 d6 3. c3 Nf6 4. Be2 Nxe4 5. Qa4+ Nc6 6. Qxe4 f5 7. Qc2 e5 8. d3
Be7 9. O-O O-O 10. Nbd2 Rf6 11. Ng5 Rg6 12. Qb3+ d5 13. Ndf3 Na5 14. Qc2 f4 15.
Nxe5 Rxg5 16. Nf3 Rg6 17. Ne5 Rg5 18. Nf3 Re5 19. Nxe5 Bd6 20. Nf3 Bg4 21. a3
Qf6 22. b3 Re8 23. h3 Bh5 24. Bb2 Qg6 25. Rae1 b6 26. Nh4 1-0

[Event "European Youth Chess Championship B8"]
[Site "Prague, Top Hotel Prague"]
[Date "2016.08.19"]
[Round "2.9"]
[White "Hartofylakas, Spyros"]
[Black "Orujov, Farid"]
[Result "1-0"]
[WhiteElo "1254"]
[BlackElo "1462"]
[PlyCount "72"]
[EventDate "2016.08.18"]

1. e4 c5 2. Nf3 d6 3. d4 cxd4 4. Nxd4 Nf6 5. Nc3 g6 6. Be3 Bg7 7. f3 O-O 8. g4
Nc6 9. Qd2 Nxd4 10. Bxd4 Be6 11. h4 Qa5 12. O-O-O Rfc8 13. a3 Rab8 14. Ne2 Qa4
15. g5 Nh5 16. Bxg7 Nxg7 17. Bh3 Bxh3 18. Rxh3 b5 19. Nc3 Qa6 20. Nd5 Qb7 21.
f4 a5 22. Qxa5 Rc4 23. Qe1 Ne6 24. Rc3 Rd4 25. f5 Nf4 26. Nxf4 b4 27. Rb3 Qb6
28. Nd5 Qc5 29. Rxb4 Rdxb4 30. Nxb4 Qe5 31. Nd3 Qb5 32. fxg6 hxg6 33. Nb4 Qe5
34. Qe3 Qh2 35. Nd5 e6 36. Nf6+ Kg7 1-0

[Event "European Youth Chess Championship B8"]
[Site "Prague, Top Hotel Prague"]
[Date "2016.08.19"]
[Round "2.10"]
[White "Cohen, Elad"]
[Black "Nguyen, Thai Dang Vi"]
[Result "0-1"]
[WhiteElo "1456"]
[BlackElo "1255"]
[PlyCount "83"]
[EventDate "2016.08.18"]

1. e4 e5 2. Nf3 Nc6 3. Bb5 Nf6 4. Nc3 d6 5. d4 Bd7 6. O-O a6 7. Bxc6 Bxc6 8.
dxe5 Nxe4 9. Nxe4 Bxe4 10. exd6 Qxd6 11. Qxd6 Bxd6 12. Re1 f5 13. Ng5 O-O 14.
Nxe4 Rfe8 15. f3 fxe4 16. fxe4 Re6 17. Bd2 Rae8 18. g3 Rxe4 19. Kg2 Rxe1 20.
Rxe1 Rxe1 21. Bxe1 Kf7 22. Bc3 g6 23. Kf3 Ke6 24. Kg4 h6 25. Bd2 h5+ 26. Kg5
Kf7 27. Bf4 Be7+ 28. Kh6 c6 29. Bg5 Bf8+ 30. Kh7 Bg7 31. b3 Bc3 32. h4 Be5 33.
Bd8 Bxg3 34. Kh6 Bf4+ 35. Kh7 b5 36. a4 b4 37. a5 c5 38. Bb6 Be3 39. Bd8 Bd4
40. Bg5 Bf6 41. Be3 Bd4 42. Bf4 0-1

[Event "European Youth Chess Championship B8"]
[Site "Prague, Top Hotel Prague"]
[Date "2016.08.19"]
[Round "2.11"]
[White "Fava, Lorenzo"]
[Black "Gungor, Cihan Akif"]
[Result "0-1"]
[WhiteElo "1220"]
[BlackElo "1451"]
[PlyCount "51"]
[EventDate "2016.08.18"]

1. e4 d5 2. exd5 Nf6 3. Bc4 Nxd5 4. Nf3 Bf5 5. Ng5 e6 6. d4 Be7 7. Nf3 O-O 8.
Bd3 Bxd3 9. Qxd3 Nc6 10. a3 Bf6 11. c4 Nde7 12. Bg5 Bxd4 13. Bxe7 Bxf2+ 14. Ke2
Qxd3+ 15. Kxd3 Nxe7 16. Nc3 Rad8+ 17. Ke2 Bb6 18. Na4 c6 19. h4 Bc7 20. Ng5 Rd4
21. b3 h6 22. Nc5 hxg5 23. hxg5 Bb6 24. Nxb7 Rb8 25. Na5 Bxa5 26. b4 0-1

[Event "European Youth Chess Championship B8"]
[Site "Prague, Top Hotel Prague"]
[Date "2016.08.19"]
[Round "2.12"]
[White "Verma, Shlok"]
[Black "Medovoy, Yaniv"]
[Result "1/2-1/2"]
[WhiteElo "1199"]
[BlackElo "1441"]
[PlyCount "79"]
[EventDate "2016.08.18"]

1. d4 Nf6 2. c4 g6 3. Nf3 Bg7 4. Nc3 d5 5. Bf4 O-O 6. e3 Bg4 7. Bd3 dxc4 8.
Bxc4 Nh5 9. Bg5 c5 10. h3 Bxf3 11. Qxf3 Nc6 12. d5 Ne5 13. Qe2 Nxc4 14. Qxc4
Bxc3+ 15. bxc3 Rc8 16. Rd1 Kg7 17. d6 f6 18. dxe7 Qxe7 19. Bf4 b5 20. Qxb5 Rfd8
21. Rxd8 Rxd8 22. Bh2 Qe4 23. O-O Rd5 24. Qb7+ Kh6 25. Qxa7 Rg5 26. g4 f5 27.
Qxc5 fxg4 28. Qf8+ Ng7 29. hxg4 Rxg4+ 30. Bg3 Qb7 31. Kh2 Kg5 32. f4+ Kh5 33.
Rh1 Rxg3 34. Kxg3+ Qxh1 35. Qxg7 Qh4+ 36. Kf3 Qh1+ 37. Ke2 Kg4 38. Qd7+ Kg3 39.
Qd1 Qf3+ 40. Kd2 {n.r.} 1/2-1/2

[Event "European Youth Chess Championship B8"]
[Site "Prague, Top Hotel Prague"]
[Date "2016.08.19"]
[Round "2.13"]
[White "Bialiauski, Artsiom"]
[Black "Warchol, Kamil"]
[Result "1-0"]
[WhiteElo "1436"]
[BlackElo "1202"]
[PlyCount "67"]
[EventDate "2016.08.18"]

1. e4 e5 2. Nf3 Nc6 3. Bb5 a6 4. Ba4 Nf6 5. O-O Be7 6. Nc3 b5 7. Bb3 O-O 8. Bd5
Nxd5 9. exd5 Na7 10. Nxe5 Bf6 11. d4 Bb7 12. a3 Re8 13. Re1 d6 14. Nf3 Qd7 15.
Qd3 Rxe1+ 16. Nxe1 Re8 17. Be3 Nc8 18. a4 bxa4 19. Rxa4 Nb6 20. Ra5 Bg5 21. Nf3
Bxe3 22. fxe3 Qe7 23. e4 Nd7 24. Ra1 Nf6 25. Re1 Nd7 26. b4 Nb6 27. Ne2 Rd8 28.
c4 c6 29. dxc6 Bxc6 30. d5 Bd7 31. e5 Qf8 32. exd6 Qxd6 33. c5 Qxd5 34. Rd1 {
n. r.} 1-0

[Event "European Youth Chess Championship B8"]
[Site "Prague, Top Hotel Prague"]
[Date "2016.08.19"]
[Round "2.14"]
[White "Wielgus, Wojciech"]
[Black "Magold, Filip"]
[Result "1-0"]
[WhiteElo "1151"]
[BlackElo "1431"]
[PlyCount "36"]
[EventDate "2016.08.18"]

1. e4 c6 2. d4 d5 3. e5 Bf5 4. Nf3 e6 5. Be2 Nd7 6. O-O c5 7. c4 dxc4 8. Na3
cxd4 9. Nxc4 b5 10. Na3 Bxa3 11. bxa3 a6 12. a4 bxa4 13. Nxd4 Ne7 14. Nxf5 Nxf5
15. Qxa4 O-O 16. Rd1 Nc5 17. Rxd8 Nxa4 18. Rxa8 Rxa8 {n.r.} 1-0

[Event "European Youth Chess Championship B8"]
[Site "Prague, Top Hotel Prague"]
[Date "2016.08.19"]
[Round "2.15"]
[White "Sepiashvili, Ivan"]
[Black "Day, Tobias"]
[Result "1-0"]
[WhiteElo "1401"]
[BlackElo "1196"]
[PlyCount "51"]
[EventDate "2016.08.18"]

1. e4 e5 2. Nf3 Nc6 3. Bb5 a6 4. Ba4 b5 5. Bb3 Nf6 6. d3 Bc5 7. O-O O-O 8. h3
d6 9. c3 Na5 10. Bc2 c6 11. b4 Ba7 12. bxa5 Qxa5 13. Bb2 Qb6 14. d4 exd4 15.
Qxd4 Qc7 16. Qd1 Bb7 17. Re1 Rad8 18. Qd3 Qb6 19. Qd4 Qc7 20. Qd3 Qb6 21. Re2
Nh5 22. Bc1 Ng3 23. Rd2 c5 24. Ng5 Nh5 25. e5 dxe5 26. Qxh7# 1-0

[Event "European Youth Chess Championship B8"]
[Site "Prague, Top Hotel Prague"]
[Date "2016.08.19"]
[Round "2.25"]
[White "Wierzbicki, Dawid"]
[Black "Antoniou, Rafail"]
[Result "1-0"]
[WhiteElo "1391"]
[BlackElo "1158"]
[PlyCount "69"]
[EventDate "2016.08.18"]

1. e4 e5 2. Nf3 Nc6 3. Bc4 Nf6 4. d3 Bc5 5. O-O d6 6. h3 O-O 7. Bg5 h6 8. Bh4
Be6 9. Nbd2 Re8 10. c3 a6 11. Bd5 Rb8 12. Nb3 Bb6 13. Qd2 Na7 14. Rfe1 c6 15.
Bxe6 Rxe6 16. Rad1 Rc8 17. Nh2 Qc7 18. Nf3 Nh5 19. Nc1 Nf4 20. Ne2 Nxe2+ 21.
Qxe2 Rg6 22. Kh2 d5 23. Bg3 Re8 24. d4 dxe4 25. Qxe4 Qc8 26. dxe5 f5 27. Qc4+
Kh7 28. Rd2 Bc7 29. Rde2 Qd7 30. e6 Bxg3+ 31. fxg3 Qd6 32. Qh4 Rexe6 33. Rxe6
Rxe6 34. Rxe6 Qxe6 35. Ng5+ 1-0

[Event "European Youth Chess Championship B8"]
[Site "Prague, Top Hotel Prague"]
[Date "2016.08.20"]
[Round "3.1"]
[White "Ivanov, Svetlen"]
[Black "Milanovic, Marko"]
[Result "0-1"]
[WhiteElo "1646"]
[BlackElo "1372"]
[PlyCount "68"]
[EventDate "2016.08.18"]

1. d4 d5 2. Nf3 Nf6 3. c4 e6 4. Nc3 Be7 5. Bg5 O-O 6. e3 b6 7. Bd3 Bb7 8. O-O
Nbd7 9. Rc1 Rc8 10. Qe2 c5 11. cxd5 Nxd5 12. Bxe7 Qxe7 13. Bb1 cxd4 14. Nxd5
Bxd5 15. Nxd4 Ne5 16. b3 Qh4 17. e4 Ba8 18. g3 Qh3 19. f4 Ng4 20. Nf3 Qh5 21.
Ng5 h6 22. h3 Nf6 23. g4 Qh4 24. Nf3 Qxh3 25. Nh2 Qg3+ 26. Kh1 Rxc1 27. Rxc1
Qxf4 28. Rc4 Bb7 29. Ra4 Bc6 30. Rb4 Rd8 31. Bd3 Qc1+ 32. Kg2 Qa3 33. Rc4 Bb5
34. Rc3 Qb4 0-1